| 000 | 00574nam a22001937a 4500 | ||
|---|---|---|---|
| 003 | DO-SdBNP | ||
| 005 | 20171205110736.0 | ||
| 008 | 171121b 1980 |||| 00| 0 spa d | ||
| 040 |
_aBPMSU _bspa _cBPMSU |
||
| 082 |
_axxxxxx _bxxxxxx |
||
| 100 | 1 | _aD. Nosov, S. | |
| 245 | 1 |
_aEnfermedades infecciosas infantiles / _cS. D. Nosov ; traducción Ana P. Scherba |
|
| 260 |
_aMoscú : _bMir, _c1980. |
||
| 300 |
_3446 p. : _bil. ; _c22 cm. |
||
| 700 | 1 |
_aP. Scherba, Ana, _etr. |
|
| 942 |
_2ddc _cBK |
||
| 945 | _aInventariado extranjero / 2017 VM | ||
| 956 |
_aBTAVAREZ _b10 _c20171121 _d0038 |
||
| 999 |
_c13001 _d13001 |
||